| 000 | 01698nam a2200433 c 4500 | ||
|---|---|---|---|
| 999 |
_c346826 _d346826 |
||
| 003 | BLK | ||
| 005 | 20240723144009.0 | ||
| 008 | 180411b bul|||||r ||||||| ||bul|| | ||
| 010 | _aKNG00185615000 | ||
| 020 | _a9789547832848 | ||
| 040 | _aBLK | ||
| 041 |
_aBUL _cBUL |
||
| 072 |
_2bullib _aН83 _xЧужда художествена литература Н _9178275 |
||
| 080 |
_aАвтобиографични романи. Романизувани биографии _b82-312.6 |
||
| 100 |
_aЙейтс, Брок _eавт. _9389356 |
||
| 139 |
_aФерари, Енцо _bФ 40 |
||
| 245 | 1 | 0 |
_aФерари _bмъжът, автомобилите, състезанията, машината _cБрок Йейтс; прев. Добринка Кръстева; консулт. Иван Тенчев |
| 257 | _aUSA | ||
| 260 |
_bЛокус _c2019 _9213084 _dЛокус пъблишинг _n978-954-783- |
||
| 300 |
_a648 л. _bсн., факс. _c21 см |
||
| 380 | _aX | ||
| 500 | _aОриг. загл. Ferrari / Brock Yates | ||
| 600 | 1 | 4 |
_aФерари, Енцо _9222617 |
| 650 | 0 |
_aФерари, Енцо _9401236 |
|
| 651 | 0 |
_aавтомобилни производители _9401237 |
|
| 653 | 7 |
_aбиографии _9181990 |
|
| 659 | _aН | ||
| 700 |
_aТенчев, Иван _eконсултант _9640 |
||
| 700 |
_aКръстева, Добринка _eпрев. от англ. _9291524 |
||
| 852 |
_bП _c820 (73)-31/Ф 40 |
||
| 856 | 4 | _qpdf | |
| 856 | 4 | _qpdf | |
| 942 |
_cKNG _n0 _024 _s1 |
||
| 944 |
_aCR _c2019-11-29 _lМинев Младен _k30530 |
||
| 944 |
_aED _c2019-11-29 _l2019-11-29 _kК.Д. |
||
| 999 | _d346826 | ||
| 999 | _d346826 | ||
| 999 | _d176981 | ||